01748nam a2200409 i 450000100060000000300080000600500170001400600190003100700150005000800410006502000270010603500210013304000310015405000210018508000110020608200120021711100700022924502360029926400440053530000410057933600310062033700330065133800430068449000260072758801260075359001590087960000390103865000140107765000150109165500270110670000360113370000430116979700190121283000270123185600630125899900170132133462FlNmELB20241216220826.0m o d | cr cnu||||||||160812s1998 sp o 000 0 spa d a9788416061914 (e book) a(OCoLC)984825161 aFINmELBbspaerdacFINmELB 4aB821bS6126 1998 a008(4)0 a1442232 aSimposio Internacional Anatomía del humanismod(1998 :cHuelva)10aAnatomía del humanismo :bBenito Arias Montano 1598-1998 : homenaje al profesor Melquiades Andrés Martín /cactas del Simposio Internacional celebrado en Huelva del 4 al 6 de noviembre de 1998 ; Luis Gómez Canseco (editor). 1aHuelva :bUniversidad de Huelva,c1998. a1 recurso en línea (475 páginas) atextobtxt2rdacontent/spa acomputadorabc2rdamedia/spa arecurso en líneabcr2rdacarrier/spa1 aBiblioteca Montaniana aDescripción basada en recurso en línea; Título de la página del título en PDF (e-libro, visto August 12, 2016). aRecurso electronico. Santa Fe, Arg. : e-libro, 2016. Disponible via World Wide Web. El acceso puede ser limitado para las bibliotecas afiliadas a e-libro.10aArias Montano, Benito,d1527-1598. 0aHumanism. 4aHumanismo. 4aLibros electrónicos.1 aGómez Canseco, Luis,eeditor.1 aAndrés Martín, Melquiades,eautor.2 ae-libro, Corp. 0aBiblioteca Montaniana.40uhttps://elibro.net/ereader/politecnicointernacional/102022 c33462d33462